[Event "GER-ch Net Amateur Gr-C Final"]
[Site "Playchess.com INT"]
[Date "2020.04.18"]
[Round "1"]
[White "Lampe, Finn"]
[Black "Masa, Cagan"]
[Result "1/2-1/2"]
[WhiteElo "1622"]
[BlackElo "1464"]
[PlyCount "101"]
[EventDate "2020.04.18"]
[EventType "swiss (blitz)"]
[EventRounds "13"]
[EventCountry "GER"]
[SourceTitle "CBM 195 Extra"]
[Source "ChessBase"]
[SourceDate "2020.05.31"]
[SourceVersion "1"]
[SourceVersionDate "2020.05.31"]
[SourceQuality "1"]

1. e4 e5 2. Nf3 d6 3. d4 exd4 4. Nxd4 c5 5. Nf3 Nf6 6. Nc3 Be7 7. Bc4 h6 8. 0-0 a6 9. Re1 b5 10. Bf1 0-0 11. g3 Bb7 12. Bg2 b4 13. Ne2 Bxe4 14. c3 bxc3 15. Nxc3 Bc6 16. Bf4 Bxf3 17. Bxf3 Ra7 18. Nd5 Nxd5 19. Bxd5 Bg5 20. Bxg5 Qxg5 21. Qb3 Nd7 22. Re3 Rc7 23. Rae1 Ne5 24. f4 Nf3+ 25. Bxf3 Qd8 26. Qc4 a5 27. Bh5 Rc8 28. Re7 Rc7 29. Rxc7 Qxc7 30. Bf3 Qd7 31. Qe4 Qc7 32. Qe7 Qxe7 33. Rxe7 g5 34. fxg5 hxg5 35. Bd5 Kg7 36. Kg2 Kg6 37. Kf3 f5 38. Re6+ Kf7 39. Rxd6+ Ke7 40. Re6+ Kd7 41. Rg6 g4+ 42. Kg2 Ke7 43. Rg7+ Kd6 44. Rf7 Re8 45. Bc4 Re4 46. Bd3 Re3 47. Bxf5 Re2+ 48. Kf1 Rxb2 49. Bxg4 Rxa2 50. Rf6+ Ke5 51. Rf5+ 1/2-1/2

[Event "GER-ch Net Amateur Gr-C Final"]
[Site "Playchess.com INT"]
[Date "2020.04.18"]
[Round "7"]
[White "Wartenberg, Alexander"]
[Black "Masa, Cagan"]
[Result "1/2-1/2"]
[WhiteElo "1511"]
[BlackElo "1464"]
[PlyCount "93"]
[EventDate "2020.04.18"]
[EventType "swiss (blitz)"]
[EventRounds "13"]
[EventCountry "GER"]
[SourceTitle "CBM 195 Extra"]
[Source "ChessBase"]
[SourceDate "2020.05.31"]
[SourceVersion "1"]
[SourceVersionDate "2020.05.31"]
[SourceQuality "1"]

1. e4 e5 2. Nf3 d6 3. d4 exd4 4. Nxd4 c6 5. Nc3 Nf6 6. Bc4 Be7 7. Bf4 b5 8. Bb3 c5 9. Ndxb5 Ba6 10. 0-0 Qa5 11. Qd3 Nc6 12. Bxd6 Rd8 13. Nc7+ Kf8 14. Bxe7+ Kxe7 15. Qxa6 Qxc7 16. Nb5 Qc8 17. Qa3 Nd4 18. Nxd4 Rxd4 19. Qxa7+ Rd7 20. Qa3 Re8 21. e5 Ng4 22. Rfe1 Kf8 23. h3 Nxe5 24. Ba4 Nc6 25. Rxe8+ Kxe8 26. Qf3 Rd6 27. Re1+ Kf8 28. Bxc6 Rxc6 29. Qe4 Re6 30. Qxh7 Qd7 31. Rxe6 Qxe6 32. Qh8+ Ke7 33. Qxg7 Qe1+ 34. Kh2 Qe2 35. Qg5+ Kf8 36. Qxc5+ Kg7 37. Qg5+ Kf8 38. Qe3 Qxc2 39. Qb3 Qxf2 40. a4 Qf4+ 41. g3 Qf2+ 42. Kh1 Qf1+ 43. Kh2 Qe2+ 44. Kg1 Qf1+ 45. Kh2 Qf2+ 46. Kh1 Qf1+ 47. Kh2 1/2-1/2

[Event "GER-ch Net Amateur Gr-C Vor3"]
[Site "Playchess.com INT"]
[Date "2020.04.16"]
[Round "8"]
[White "Masa, Cagan"]
[Black "Rotteveel, Guenther"]
[Result "1-0"]
[WhiteElo "1447"]
[BlackElo "1495"]
[PlyCount "153"]
[EventDate "2020.04.16"]
[EventType "swiss (blitz)"]
[EventRounds "9"]
[EventCountry "GER"]
[SourceTitle "CBM 195 Extra"]
[Source "ChessBase"]
[SourceDate "2020.05.31"]
[SourceVersion "1"]
[SourceVersionDate "2020.05.31"]
[SourceQuality "1"]

1. e4 e5 2. Nf3 Nc6 3. Bb5 d6 4. d3 a6 5. Ba4 b5 6. Bb3 Bb7 7. c3 Nf6 8. h3 Ne7 9. Nbd2 Ng6 10. Nf1 c5 11. Ng3 d5 12. Bc2 dxe4 13. dxe4 Qxd1+ 14. Kxd1 0-0-0+ 15. Bd2 Be7 16. Ke2 c4 17. Rhd1 Bc5 18. Kf1 Rd7 19. Bg5 Rhd8 20. Bxf6 Rxd1+ 21. Rxd1 Rxd1+ 22. Bxd1 gxf6 23. Bc2 Kd7 24. b4 cxb3 25. axb3 Ke6 26. b4 Bb6 27. Bb3+ Ke7 28. Nf5+ Kf8 29. Nd6 Bc6 30. Nxf7 Bxe4 31. Nd6 Bd3+ 32. Ke1 Ke7 33. Nb7 Nf4 34. Kd2 Be4 35. Nc5 Bxf3 36. gxf3 Nxh3 37. Ke2 Nf4+ 38. Ke3 h5 39. Kd2 h4 40. Ke1 h3 41. Ne4 h2 42. Ng3 Nd3+ 43. Kf1 Bxf2 44. Nh1 Be1 45. Bc2 Bxc3 46. Bxd3 Bxb4 47. Kg2 Ke6 48. Nf2 f5 49. Kxh2 Kd5 50. Kg2 Ke6 51. Kf1 Bc3 52. Nd1 Bd4 53. Ke2 f4 54. Kd2 Kd6 55. Be2 Kc5 56. Kd3 a5 57. Bf1 a4 58. Kc2 a3 59. Kb3 b4 60. Bh3 Bc3 61. Nxc3 bxc3 62. Kxc3 a2 63. Kb2 Kd4 64. Bf5 Ke3 65. Kxa2 Kd4 66. Kb2 Kc4 67. Be4 Kc5 68. Kc2 Kd4 69. Kd2 Kc4 70. Ba8 Kd4 71. Ke2 Kc3 72. Kf2 Kd3 73. Kg2 Ke3 74. Kh3 Kf2 75. Kg4 Ke3 76. Kf5 Kd4 77. Bb7 1-0

[Event "GER-ch Net Amateur Gr-C Vor2"]
[Site "Playchess.com INT"]
[Date "2020.04.15"]
[Round "9"]
[White "Masa, Cagan"]
[Black "Kanbach, Tim Casimir"]
[Result "1-0"]
[WhiteElo "1404"]
[BlackElo "1190"]
[PlyCount "93"]
[EventDate "2020.04.15"]
[EventType "swiss (blitz)"]
[EventRounds "9"]
[EventCountry "GER"]
[SourceTitle "CBM 196 Extra"]
[Source "ChessBase"]
[SourceDate "2020.07.31"]
[SourceVersion "1"]
[SourceVersionDate "2020.07.31"]
[SourceQuality "1"]

1. e4 e5 2. Nf3 Nc6 3. Bb5 Nf6 4. d3 h6 5. c3 a6 6. Ba4 Bc5 7. h3 d6 8. Be3 Bb6 9. Nbd2 Be6 10. Nf1 0-0 11. Ng3 Qd7 12. 0-0 Rad8 13. Qd2 Bxe3 14. Qxe3 b5 15. Bc2 Rfe8 16. Bb3 Bxb3 17. axb3 Qe6 18. c4 bxc4 19. bxc4 Nd4 20. Nxd4 exd4 21. Qxd4 c5 22. Qe3 Qe7 23. Rxa6 Rb8 24. Rb1 Nd7 25. Ra7 Qd8 26. d4 cxd4 27. Qxd4 Rc8 28. Nf5 f6 29. Nxd6 Nf8 30. Qd5+ Kh8 31. Nf7+ Kh7 32. Nxd8 Rcxd8 33. Qf5+ Ng6 34. Qxf6 Rg8 35. Rxg7+ Rxg7 36. Qxd8 Nh8 37. Qd3 Ng6 38. e5 h5 39. e6 Kh6 40. Qe3+ Kh7 41. e7 Rxe7 42. Qb6 Rg7 43. c5 Kh8 44. c6 Ne7 45. c7 Nc8 46. Qh6+ Rh7 47. Qf8# 1-0